[Event "IIFL Wealth 4th Mumbai GM"]
[Site "Mumbai"]
[Date "2019.01.05"]
[Round "7"]
[White "Mehdi Hasan Parag"]
[Black "Vatsal Singhania"]
[Result "0-1"]
[WhiteElo "2218"]
[BlackElo "2130"]
[Annotator "NA"]
[PlyCount "174"]
[EventDate "2018.12.30"]
[EventType "swiss"]
[EventCountry "IND"]
[SourceTitle "playchess.com"]
[Source "ChessBase"]
[SourceQuality "1"]
[TimeControl "40/5400+30:1800+30"]

1. e4 {[%emt 0:00:00]} e5 {[%emt 0:00:00]} 2. Nf3 {[%emt 0:00:00]} Nc6 {[%emt 0:00:00]} 3. Bc4 {[%emt 0:00:00]} Nf6 {[%emt 0:00:00]} 4. d3 {[%emt 0:00:00]} Be7 {[%emt 0:00:12]} 5. O-O {[%emt 0:00:18]} O-O {[%emt 0:00:13]} 6. Re1 {[%emt 0:00:08]} d6 {[%emt 0:00:06]} 7. a4 {[%emt 0:00:06]} Na5 {[%emt 0:00:05]} 8. Ba2 {[%emt 0:00:06]} c5 {[%emt 0:00:03]} 9. c3 {[%emt 0:00:27]} Nc6 {[%emt 0:00:12]} 10. Na3 {[%emt 0:00:14]} Be6 {[%emt 0:00:31]} 11. Bxe6 {[%emt 0:00:35]} fxe6 {[%emt 0:00:07]} 12. Nc4 {[%emt 0:00:04]} h6 {[%emt 0:06:36]} 13. Bd2 {[%emt 0:01:45]} Nd7 {[%emt 0:06:41]} 14. Rb1 {[%emt 0:06:48]} Qc7 {[%emt 0:13:38]} 15. b4 {[%emt 0:03:52]} cxb4 {[%emt 0:06:10]} 16. cxb4 {[%emt 0:00:11]} d5 {[%emt 0:03:03]} 17. exd5 {[%emt 0:05:08]} exd5 {[%emt 0:00:08]} 18. Ne3 {[%emt 0:00:08]} Qd6 {[%emt 0:00:19]} 19. b5 {[%emt 0:01:23]} Nd4 {[%emt 0:02:20]} 20. Nxd4 {[%emt 0:00:38]} exd4 {[%emt 0:00:09]} 21. Nf1 {[%emt 0:08:05]} Qf6 {[%emt 0:05:52]} 22. Re2 {[%emt 0:05:07]} Rae8 {[%emt 0:05:10]} 23. f3 {[%emt 0:03:27]} Bd6 {[%emt 0:02:06]} 24. Bb4 {[%emt 0:02:15]} Bxb4 {[%emt 0:10:04]} 25. Rxb4 {[%emt 0:00:03]} Ne5 {[%emt 0:00:10]} 26. Ng3 {[%emt 0:07:52]} Qg6 {[%emt 0:02:58]} 27. a5 {[%emt 0:07:41]} Qd6 {[%emt 0:05:04]} 28. Qd2 {[%emt 0:03:59]} h5 {[%emt 0:05:56]} 29. Rxd4 {[%emt 0:11:45]} Qc5 {[%emt 0:01:13]} 30. Qb4 {[%emt 0:00:09]} Qc1+ {[%emt 0:01:27]} 31. Kf2 {[%emt 0:00:04]} Ng4+ {[%emt 0:00:30]} 32. Rxg4 {[%emt 0:00:27]} hxg4 {[%emt 0:00:09]} 33. Qxg4 {[%emt 0:00:30]} Qc5+ {[%emt 0:11:10]} 34. d4 {[%emt 0:01:42]} Rxe2+ {[%emt 0:08:59]} 35. Nxe2 {[%emt 0:00:04]} Qd6 {[%emt 0:00:16]} 36. h4 {[%emt 0:01:56]} Re8 {[%emt 0:00:54]} 37. Qg5 {[%emt 0:01:28]} Qe6 {[%emt 0:01:29]} 38. Qd2 {[%emt 0:01:15]} Rc8 {[%emt 0:01:43]} 39. Nf4 {[%emt 0:01:16]} Qf5 {[%emt 0:02:02]} 40. Qe3 {[%emt 0:00:00]} Qf7 {[%emt 0:00:00]} 41. Qe5 {[%emt 0:03:12]} Rd8 {[%emt 0:12:53]} 42. Kg3 {[%emt 0:03:10]} Qf6 {[%emt 0:01:59]} 43. Qe3 {[%emt 0:02:35]} Qd6 {[%emt 0:01:27]} 44. Kh3 {[%emt 0:00:55]} Qd7+ {[%emt 0:01:13]} 45. g4 {[%emt 0:00:26]} Re8 {[%emt 0:00:12]} 46. Qb3 {[%emt 0:00:48]} Qf7 {[%emt 0:01:53]} 47. Kg3 {[%emt 0:01:08]} Rf8 {[%emt 0:00:45]} 48. Qe3 {[%emt 0:00:59]} Re8 {[%emt 0:01:29]} 49. Qd2 {[%emt 0:01:17]} Qd7 {[%emt 0:00:46]} 50. Qd3 {[%emt 0:00:57]} Qe7 {[%emt 0:01:13]} 51. Qc3 {[%emt 0:02:35]} Qe1+ {[%emt 0:08:48]} 52. Qxe1 {[%emt 0:00:08]} Rxe1 {[%emt 0:00:03]} 53. Nxd5 {[%emt 0:00:19]} Kf7 {[%emt 0:00:07]} 54. Kf4 {[%emt 0:02:13]} Ra1 {[%emt 0:02:19]} 55. b6 {[%emt 0:00:58]} a6 {[%emt 0:01:06]} 56. Ke5 {[%emt 0:00:38]} Rxa5 {[%emt 0:00:24]} 57. h5 {[%emt 0:00:34]} Rb5 {[%emt 0:00:33]} 58. g5 {[%emt 0:00:17]} a5 {[%emt 0:00:36]} 59. g6+ {[%emt 0:00:45]} Kf8 {[%emt 0:00:13]} 60. Ke4 {[%emt 0:01:18]} a4 {[%emt 0:00:25]} 61. Nc3 {[%emt 0:00:07]} a3 {[%emt 0:00:46]} 62. Nxb5 {[%emt 0:01:42]} a2 {[%emt 0:00:06]} 63. Nc7 {[%emt 0:00:21]} a1=Q {[%emt 0:00:17]} 64. Ne6+ {[%emt 0:00:03]} Kg8 {[%emt 0:00:08]} 65. f4 {[%emt 0:03:27]} Qb1+ {[%emt 0:00:23]} 66. Ke5 {[%emt 0:00:20]} Qxb6 {[%emt 0:00:25]} 67. f5 {[%emt 0:00:31]} Qa5+ {[%emt 0:01:02]} 68. d5 {[%emt 0:00:24]} Qc3+ {[%emt 0:00:09]} 69. Ke4 {[%emt 0:00:33]} b5 {[%emt 0:01:41]} 70. d6 {[%emt 0:00:02]} b4 {[%emt 0:01:43]} 71. h6 {[%emt 0:00:22]} gxh6 {[%emt 0:00:07]} 72. Kd5 {[%emt 0:01:16]} Qf3+ {[%emt 0:01:32]} 73. Ke5 {[%emt 0:00:18]} Qg3+ {[%emt 0:01:22]} 74. Kd5 {[%emt 0:00:04]} Qg4 {[%emt 0:00:37]} 75. Ke5 {[%emt 0:00:23]} Qg3+ {[%emt 0:00:05]} 76. Kd5 {[%emt 0:00:05]} Qg2+ {[%emt 0:00:33]} 77. Ke5 {[%emt 0:00:04]} Qh2+ {[%emt 0:00:11]} 78. Kd5 {[%emt 0:00:26]} Qg2+ {[%emt 0:01:10]} 79. Ke5 {[%emt 0:00:02]} Qe2+ {[%emt 0:00:25]} 80. Kd5 {[%emt 0:00:02]} Qb5+ {[%emt 0:00:05]} 81. Ke4 {[%emt 0:01:03]} b3 {[%emt 0:00:52]} 82. f6 {[%emt 0:00:45]} Qe2+ {[%emt 0:00:02]} 83. Kf5 {[%emt 0:01:10]} Qh5+ {[%emt 0:00:08]} 84. Kf4 {[%emt 0:01:42]} Qxg6 {[%emt 0:00:02]} 85. Ke5 {[%emt 0:01:11]} Kf7 {[%emt 0:00:37]} 86. Nd8+ Ke8 87. f7+ Kf8 0-1

[Event "IIFL Wealth 4th Mumbai GM"]
[Site "Mumbai"]
[Date "2019.01.05"]
[Round "7"]
[White "Samant Aditya S"]
[Black "Movsziszian, Karen"]
[Result "1-0"]
[WhiteElo "2205"]
[BlackElo "2505"]
[Annotator "TA"]
[PlyCount "71"]
[EventDate "2018.12.30"]
[EventType "swiss"]
[EventCountry "IND"]
[SourceTitle "playchess.com"]
[Source "ChessBase"]
[SourceQuality "1"]

{[%evp 21,71,50,46,15,69,22,20,13,62,68,89,39,41,16,27,19,33,23,64,0,0,0,0,16,27,0,36,23,52,46,122,100,97,106,237,220,223,187,187,183,194,193,183,179,630,623,733,706,1035,1033,1019,1013]} 1. e4 g6 2. d4 Bg7 3. Nc3 d6 4. Nf3 a6 5. Be3 b5 6. Bd3 Bb7 7. e5 {B06: Modern Defence} Nd7 8. e6 fxe6 9. Ng5 Nf8 10. O-O Nf6 11. Re1 Qd7 {LiveBook: 15 Games} (11... h6 12. Nf3 g5 13. Bd2 Qd7 14. h3 Kf7 {0-1 (46) Moiseenko,A (2667)-Petrosian,T (2601) Riadh 2017}) 12. Bd2 {[%mdl 1024] White has compensation.} b4 (12... Rc8 $11) 13. Nb1 $146 ({Predecessor:} 13. Nce4 Nxe4 14. Qf3 Bf6 15. Bxe4 {1-0 (55) Fagundes,A-Kluwe,M DESC email 2005}) 13... Qc6 {[%csl Gb7][%cal Rc6g2] [#]} 14. Nf3 Qb6 (14... e5 $5 15. dxe5 Ng4 $11) 15. a3 a5 16. axb4 axb4 17. Rxa8+ Bxa8 18. c3 Bxf3 19. Qxf3 Kf7 20. Bf4 bxc3 21. bxc3 c5 22. Be3 cxd4 23. cxd4 Qa5 24. Nd2 {[%cal Bb1d2,Bd2f3,Bf3e5][%mdl 32]} Qh5 25. Qc6 $36 {[%mdl 2048] White has some pressure.} N8d7 (25... Qd5 $14 26. Qc2 Ng4) 26. Nf3 $16 {Black must now prevent Ng5+.} h6 27. Bc4 {Strongly threatening Bxh6!} d5 (27... Nf8 $16) 28. Bb5 {[%cal Bc4b5,Bb5d3,Bd3g6,Bg6f7][%mdl 32]} Rb8 29. Bf4 Rb6 30. Ne5+ {[%mdl 64] [#] Double Attack} Kg8 31. Qc8+ Nf8 32. Bd3 g5 $2 (32... Ne4 33. Bxe4 dxe4) 33. Bg6 $1 $18 {[%cal Rg6h5] White is clearly winning.} Qh4 34. Be3 Ng4 35. Bf7+ Kh7 36. Nf3 {[%mdl 64] Trapped Piece. Accuracy: White = 70%, Black = 30%.} 1-0

[Event "IIFL Wealth 4th Mumbai GM"]
[Site "Mumbai"]
[Date "2019.01.05"]
[Round "7"]
[White "Aaryan Varshney"]
[Black "abzid, Rahman"]
[Result "1-0"]
[WhiteElo "2200"]
[BlackElo "2040"]
[Annotator "NA"]
[PlyCount "59"]
[EventDate "2018.12.30"]
[EventType "swiss"]
[EventCountry "IND"]
[SourceTitle "playchess.com"]
[Source "ChessBase"]
[SourceQuality "1"]
[TimeControl "40/5400+30:1800+30"]

1. d4 {[%emt 0:00:00]} d5 {[%emt 0:05:35]} 2. c4 {[%emt 0:00:00]} e6 {[%emt 0:00:07]} 3. Nc3 {[%emt 0:00:00]} Nf6 {[%emt 0:00:17]} 4. Bg5 {[%emt 0:00:00]} Be7 {[%emt 0:01:22]} 5. e3 {[%emt 0:00:26]} O-O {[%emt 0:00:07]} 6. Nf3 {[%emt 0:00:03]} Nbd7 {[%emt 0:00:42]} 7. Rc1 {[%emt 0:01:11]} a6 {[%emt 0:00:38]} 8. cxd5 {[%emt 0:02:11]} exd5 {[%emt 0:00:03]} 9. Bd3 {[%emt 0:00:14]} c6 {[%emt 0:00:53]} 10. Qc2 {[%emt 0:01:54]} Re8 {[%emt 0:00:33]} 11. O-O {[%emt 0:00:21]} Nf8 {[%emt 0:02:34]} 12. a3 {[%emt 0:07:26]} h6 {[%emt 0:04:34]} 13. Bf4 {[%emt 0:01:47]} Nh5 {[%emt 0:03:02]} 14. Be5 {[%emt 0:01:42]} g5 {[%emt 0:02:08]} 15. h3 {[%emt 0:01:51]} Ng7 {[%emt 0:01:09]} 16. e4 {[%emt 0:14:01]} dxe4 {[%emt 0:02:51]} 17. Nxe4 {[%emt 0:01:27]} h5 {[%emt 0:00:19]} 18. d5 {[%emt 0:14:50]} Qxd5 {[%emt 0:05:44]} 19. Bc4 {[%emt 0:07:15]} Qa5 {[%emt 0:00:47]} 20. b4 {[%emt 0:01:31]} Qxa3 {[%emt 0:04:14]} 21. Ra1 {[%emt 0:00:42]} Qxb4 {[%emt 0:01:32]} 22. Rfb1 {[%emt 0:00:04]} Qxb1+ {[%emt 0:02:17]} 23. Rxb1 {[%emt 0:00:13]} g4 {[%emt 0:00:24]} 24. hxg4 {[%emt 0:01:03]} hxg4 {[%emt 0:00:02]} 25. Nh2 {[%emt 0:04:31]} b5 {[%emt 0:02:22]} 26. Be2 {[%emt 0:01:38]} Bf5 {[%emt 0:01:52]} 27. Nxg4 {[%emt 0:01:25]} Bg5 {[%emt 0:02:24]} 28. Nxg5 {[%emt 0:01:06]} Re6 {[%emt 0:03:04]} 29. Bd3 {[%emt 0:00:25]} Bxg4 {[%emt 0:00:43]} 30. Bh7+ {[%emt 0:00:14]} 1-0

[Event "IIFL Wealth 4th Mumbai GM"]
[Site "Mumbai"]
[Date "2019.01.05"]
[Round "7"]
[White "Banerjee, Sushant"]
[Black "Shah, Ram Surat Prasad"]
[Result "1-0"]
[WhiteElo "2198"]
[BlackElo "1639"]
[Annotator "NA"]
[PlyCount "53"]
[EventDate "2018.12.30"]
[EventType "swiss"]
[EventCountry "IND"]
[SourceTitle "playchess.com"]
[Source "ChessBase"]
[SourceQuality "1"]
[TimeControl "40/5400+30:1800+30"]

1. e4 {[%emt 0:00:00]} e5 {[%emt 0:00:05]} 2. d4 {[%emt 0:00:00]} exd4 {[%emt 0:00:24]} 3. c3 {[%emt 0:00:00]} d6 {[%emt 0:00:49]} 4. cxd4 {[%emt 0:00:03]} Nf6 {[%emt 0:00:39]} 5. Nc3 {[%emt 0:00:06]} Be7 {[%emt 0:00:40]} 6. Nf3 {[%emt 0:00:39]} O-O {[%emt 0:01:52]} 7. Bc4 {[%emt 0:01:09]} Be6 {[%emt 0:05:04]} 8. Bxe6 {[%emt 0:01:08]} fxe6 {[%emt 0:00:21]} 9. Qb3 {[%emt 0:00:03]} d5 {[%emt 0:03:34]} 10. e5 {[%emt 0:01:30]} Ne8 {[%emt 0:05:22]} 11. Qxb7 {[%emt 0:00:47]} Nd7 {[%emt 0:01:17]} 12. Qc6 {[%emt 0:00:25]} Nb6 {[%emt 0:00:29]} 13. Qxe6+ {[%emt 0:00:24]} Kh8 14. h4 Bb4 {[%emt 0:08:25]} 15. Bg5 {[%emt 0:01:23]} Qd7 {[%emt 0:01:26]} 16. Qxd7 {[%emt 0:01:04]} Nxd7 17. O-O c5 {[%emt 0:02:38]} 18. Nxd5 {[%emt 0:00:56]} Ba5 {[%emt 0:00:53]} 19. Be7 {[%emt 0:01:36]} Rf5 {[%emt 0:00:58]} 20. Bxc5 {[%emt 0:00:24]} Nxc5 {[%emt 0:02:15]} 21. dxc5 {[%emt 0:00:37]} Nc7 {[%emt 0:00:28]} 22. Nxc7 {[%emt 0:01:48]} Bxc7 {[%emt 0:00:14]} 23. Rfe1 {[%emt 0:00:04]} Kg8 {[%emt 0:01:04]} 24. Rad1 {[%emt 0:00:13]} Rc8 {[%emt 0:00:48]} 25. b4 {[%emt 0:00:11]} Kf8 {[%emt 0:00:18]} 26. Rd7 {[%emt 0:01:03]} h6 {[%emt 0:01:17]} 27. Rxc7 {[%emt 0:02:30]} 1-0

[Event "IIFL Wealth 4th Mumbai GM"]
[Site "Mumbai"]
[Date "2019.01.05"]
[Round "7"]
[White "Senthil Maran K"]
[Black "Anuj Shrivatri"]
[Result "1-0"]
[WhiteElo "2197"]
[BlackElo "2357"]
[Annotator "NA"]
[PlyCount "85"]
[EventDate "2018.12.30"]
[EventType "swiss"]
[EventCountry "IND"]
[SourceTitle "playchess.com"]
[Source "ChessBase"]
[SourceQuality "1"]
[TimeControl "40/5400+30:1800+30"]

1. Nf3 {[%emt 0:00:00]} Nf6 {[%emt 0:00:00]} 2. g3 {[%emt 0:00:00]} b6 {[%emt 0:00:00]} 3. Bg2 {[%emt 0:00:09]} Bb7 {[%emt 0:00:00]} 4. d4 {[%emt 0:00:09]} g6 {[%emt 0:00:05]} 5. O-O {[%emt 0:00:10]} Bg7 {[%emt 0:00:04]} 6. c4 {[%emt 0:02:12]} O-O {[%emt 0:01:09]} 7. Nc3 {[%emt 0:04:04]} Ne4 {[%emt 0:01:08]} 8. Nxe4 {[%emt 0:02:33]} Bxe4 {[%emt 0:00:10]} 9. Be3 {[%emt 0:01:35]} d6 {[%emt 0:06:30]} 10. Qd2 {[%emt 0:01:10]} Nd7 {[%emt 0:00:15]} 11. Bh6 {[%emt 0:03:17]} Nf6 {[%emt 0:02:20]} 12. Bxg7 {[%emt 0:04:48]} Kxg7 {[%emt 0:00:10]} 13. Bh3 {[%emt 0:00:24]} Bxf3 {[%emt 0:20:52]} 14. exf3 {[%emt 0:01:53]} e6 {[%emt 0:05:43]} 15. Rac1 {[%emt 0:06:39]} c6 {[%emt 0:02:19]} 16. Rfe1 {[%emt 0:09:17]} Rc8 {[%emt 0:06:22]} 17. Bf1 {[%emt 0:03:47]} Qd7 {[%emt 0:01:39]} 18. b4 {[%emt 0:06:35]} Rfd8 {[%emt 0:02:33]} 19. Qb2 {[%emt 0:01:05]} Qb7 {[%emt 0:07:14]} 20. f4 {[%emt 0:05:04]} Rc7 {[%emt 0:09:21]} 21. d5 {[%emt 0:03:58]} exd5 {[%emt 0:06:19]} 22. g4 {[%emt 0:00:33]} d4 {[%emt 0:10:45]} 23. Qxd4 {[%emt 0:00:18]} c5 {[%emt 0:00:07]} 24. bxc5 {[%emt 0:03:07]} dxc5 {[%emt 0:02:48]} 25. Qxd8 {[%emt 0:02:03]} Rd7 {[%emt 0:00:29]} 26. Bg2 {[%emt 0:00:36]} Qxg2+ {[%emt 0:00:14]} 27. Kxg2 {[%emt 0:00:02]} Rxd8 {[%emt 0:00:09]} 28. Rcd1 {[%emt 0:02:05]} Rxd1 {[%emt 0:01:01]} 29. Rxd1 {[%emt 0:00:02]} Nxg4 {[%emt 0:00:08]} 30. Rd7 {[%emt 0:00:24]} Nf6 {[%emt 0:01:44]} 31. Rxa7 {[%emt 0:00:11]} Ne4 {[%emt 0:00:04]} 32. Rb7 {[%emt 0:00:24]} Nd6 {[%emt 0:00:02]} 33. Rxb6 {[%emt 0:00:12]} Nxc4 {[%emt 0:00:04]} 34. Rc6 {[%emt 0:00:10]} Na3 {[%emt 0:00:05]} 35. Rxc5 {[%emt 0:00:10]} Kf6 {[%emt 0:00:07]} 36. Kf3 {[%emt 0:01:31]} Ke6 {[%emt 0:00:04]} 37. Ke4 {[%emt 0:00:06]} Kd6 {[%emt 0:00:02]} 38. Kd4 {[%emt 0:00:07]} f5 {[%emt 0:00:02]} 39. h4 {[%emt 0:00:54]} h6 {[%emt 0:00:05]} 40. Ra5 {[%emt 0:00:00]} Nc2+ {[%emt 0:00:00]} 41. Kc4 {[%emt 0:01:09]} Ne1 {[%emt 0:00:09]} 42. Ra6+ {[%emt 0:00:08]} Ke7 {[%emt 0:00:03]} 43. Rxg6 {[%emt 0:00:11]} 1-0

[Event "IIFL Wealth 4th Mumbai GM"]
[Site "Mumbai"]
[Date "2019.01.05"]
[Round "7"]
[White "Phadke Sohan"]
[Black "Siva Mahadevan"]
[Result "1-0"]
[WhiteElo "2191"]
[BlackElo "2333"]
[Annotator "NA"]
[PlyCount "93"]
[EventDate "2018.12.30"]
[EventType "swiss"]
[EventCountry "IND"]
[SourceTitle "playchess.com"]
[Source "ChessBase"]
[SourceQuality "1"]
[TimeControl "40/5400+30:1800+30"]

1. d4 {[%emt 0:00:00]} Nf6 {[%emt 0:00:00]} 2. Bg5 {[%emt 0:00:01]} Ne4 {[%emt 0:01:06]} 3. Bf4 {[%emt 0:03:53]} c5 {[%emt 0:00:13]} 4. f3 {[%emt 0:00:33]} Qa5+ {[%emt 0:00:12]} 5. c3 {[%emt 0:00:08]} Nf6 {[%emt 0:00:11]} 6. d5 {[%emt 0:00:21]} Qb6 {[%emt 0:00:20]} 7. Bc1 {[%emt 0:02:14]} e6 {[%emt 0:00:02]} 8. e4 {[%emt 0:00:14]} exd5 {[%emt 0:07:31]} 9. exd5 {[%emt 0:00:14]} Bd6 {[%emt 0:01:05]} 10. Na3 {[%emt 0:11:10]} O-O {[%emt 0:01:37]} 11. Nc4 {[%emt 0:08:14]} Re8+ {[%emt 0:00:43]} 12. Kf2 {[%emt 0:03:14]} Qc7 {[%emt 0:01:15]} 13. Nxd6 {[%emt 0:14:23]} Qxd6 {[%emt 0:00:40]} 14. c4 {[%emt 0:00:04]} Nc6 {[%emt 0:12:12]} 15. Ne2 {[%emt 0:04:58]} b5 {[%emt 0:11:57]} 16. Nc3 {[%emt 0:15:03]} Nd4 {[%emt 0:01:12]} 17. Nxb5 {[%emt 0:01:17]} Nxb5 {[%emt 0:03:11]} 18. cxb5 {[%emt 0:00:17]} Bb7 {[%emt 0:01:14]} 19. Bc4 {[%emt 0:01:55]} Nxd5 {[%emt 0:06:55]} 20. Qd3 {[%emt 0:06:10]} Qe5 {[%emt 0:03:48]} 21. Bxd5 {[%emt 0:04:38]} Bxd5 {[%emt 0:01:01]} 22. Rd1 {[%emt 0:08:44]} Be6 {[%emt 0:24:11]} 23. Qd6 {[%emt 0:04:12]} Qf6 {[%emt 0:00:33]} 24. Qf4 {[%emt 0:04:06]} Qg6 {[%emt 0:00:20]} 25. Rd6 {[%emt 0:01:29]} Rab8 {[%emt 0:08:23]} 26. a4 {[%emt 0:00:06]} Qc2+ {[%emt 0:04:38]} 27. Rd2 {[%emt 0:01:14]} Qb3 {[%emt 0:02:55]} 28. Ra3 {[%emt 0:02:11]} Qb4 {[%emt 0:00:07]} 29. Rc2 {[%emt 0:01:18]} Bf5 {[%emt 0:02:00]} 30. Rcc3 {[%emt 0:00:35]} Bd3 {[%emt 0:02:09]} 31. Rab3 {[%emt 0:00:30]} Qa5 {[%emt 0:00:52]} 32. Bd2 {[%emt 0:01:32]} Bg6 {[%emt 0:02:50]} 33. Rxc5 {[%emt 0:00:32]} Qb6 {[%emt 0:00:05]} 34. Be3 {[%emt 0:00:02]} Qe6 {[%emt 0:00:19]} 35. Rbc3 {[%emt 0:00:16]} d6 {[%emt 0:00:22]} 36. R5c4 {[%emt 0:00:47]} Rb7 {[%emt 0:01:06]} 37. h4 {[%emt 0:00:06]} Rd7 {[%emt 0:00:25]} 38. h5 {[%emt 0:00:08]} Bf5 {[%emt 0:00:37]} 39. g4 {[%emt 0:00:19]} Bb1 {[%emt 0:00:14]} 40. Rc1 {[%emt 0:00:00]} Bd3 {[%emt 0:00:00]} 41. R4c3 {[%emt 0:03:36]} Qa2 {[%emt 0:00:29]} 42. Rxd3 {[%emt 0:02:29]} Qxb2+ {[%emt 0:00:05]} 43. Kg3 {[%emt 0:00:52]} Rde7 {[%emt 0:00:23]} 44. Bd4 {[%emt 0:04:07]} Qa2 {[%emt 0:00:37]} 45. Re3 {[%emt 0:04:22]} f6 {[%emt 0:00:22]} 46. Rxe7 {[%emt 0:00:19]} Rxe7 {[%emt 0:00:02]} 47. Qxd6 {[%emt 0:00:34]} 1-0

[Event "IIFL Wealth 4th Mumbai GM"]
[Site "Mumbai"]
[Date "2019.01.05"]
[Round "7"]
[White "Patil, Pratik"]
[Black "Kathmale, Sameer"]
[Result "1-0"]
[WhiteElo "2178"]
[BlackElo "2312"]
[Annotator "NA"]
[PlyCount "123"]
[EventDate "2018.12.30"]
[EventType "swiss"]
[EventCountry "IND"]
[SourceTitle "playchess.com"]
[Source "ChessBase"]
[SourceQuality "1"]
[TimeControl "40/5400+30:1800+30"]

1. e4 {[%emt 0:00:00]} c6 {[%emt 0:00:00]} 2. d4 {[%emt 0:00:00]} d5 {[%emt 0:00:00]} 3. Nd2 {[%emt 0:00:03]} dxe4 {[%emt 0:01:27]} 4. Nxe4 {[%emt 0:00:03]} Nf6 {[%emt 0:00:12]} 5. Nxf6+ {[%emt 0:00:45]} exf6 {[%emt 0:00:07]} 6. c3 {[%emt 0:00:37]} Bd6 {[%emt 0:00:01]} 7. Bd3 {[%emt 0:00:47]} O-O {[%emt 0:00:03]} 8. Qc2 {[%emt 0:00:17]} Re8+ {[%emt 0:00:01]} 9. Be3 {[%emt 0:04:26]} h5 {[%emt 0:03:13]} 10. Ne2 {[%emt 0:00:36]} Nd7 {[%emt 0:00:12]} 11. O-O-O {[%emt 0:01:54]} Nf8 {[%emt 0:00:07]} 12. Kb1 {[%emt 0:07:10]} Be6 {[%emt 0:00:29]} 13. h3 {[%emt 0:05:12]} b5 {[%emt 0:01:10]} 14. g4 {[%emt 0:02:04]} h4 {[%emt 0:01:45]} 15. Be4 {[%emt 0:06:28]} Bd5 {[%emt 0:11:44]} 16. Bd3 {[%emt 0:00:00]} Be6 {[%emt 0:00:00]} 17. Be4 {[%emt 0:01:00]} Bd5 {[%emt 0:01:00]} 18. Bxd5 {[%emt 0:09:08]} cxd5 {[%emt 0:01:58]} 19. Qb3 {[%emt 0:00:46]} b4 {[%emt 0:03:53]} 20. Qxd5 {[%emt 0:02:46]} bxc3 {[%emt 0:00:35]} 21. Nxc3 {[%emt 0:00:10]} Rb8 {[%emt 0:00:21]} 22. Rd2 {[%emt 0:06:15]} Qb6 {[%emt 0:05:50]} 23. Rc2 {[%emt 0:17:11]} Ba3 {[%emt 0:13:12]} 24. Na4 {[%emt 0:07:58]} Qa6 {[%emt 0:02:40]} 25. Nc5 {[%emt 0:06:49]} Qa5 {[%emt 0:05:49]} 26. Qc4 {[%emt 0:03:52]} Rec8 {[%emt 0:02:44]} 27. Qd3 {[%emt 0:05:08]} Ne6 {[%emt 0:06:22]} 28. Nb3 {[%emt 0:02:10]} Rxc2 {[%emt 0:08:54]} 29. Qxc2 {[%emt 0:00:01]} Qd5 {[%emt 0:00:34]} 30. Rc1 {[%emt 0:00:02]} Bd6 {[%emt 0:06:44]} 31. Qc6 {[%emt 0:00:07]} Rb5 {[%emt 0:00:11]} 32. Qxd5 {[%emt 0:02:57]} Rxd5 {[%emt 0:00:01]} 33. Rc6 {[%emt 0:04:35]} a5 {[%emt 0:06:39]} 34. Nxa5 {[%emt 0:02:56]} Bf4 {[%emt 0:04:27]} 35. Nc4 {[%emt 0:00:20]} Bxe3 {[%emt 0:01:44]} 36. fxe3 {[%emt 0:02:02]} Ng5 {[%emt 0:00:01]} 37. Rd6 {[%emt 0:00:40]} Rxd6 {[%emt 0:01:57]} 38. Nxd6 {[%emt 0:00:02]} Nxh3 {[%emt 0:00:11]} 39. Nf5 {[%emt 0:00:10]} Nf2 {[%emt 0:03:24]} 40. Nxh4 {[%emt 0:00:08]} Nxg4 {[%emt 0:00:30]} 41. Ng2 {[%emt 0:30:15]} Kf8 {[%emt 0:30:30]} 42. Kc2 {[%emt 0:00:00]} f5 {[%emt 0:00:00]} 43. Kd3 {[%emt 0:00:00]} g5 {[%emt 0:00:00]} 44. a4 {[%emt 0:00:00]} Ke7 {[%emt 0:00:00]} 45. b4 {[%emt 0:00:00]} Nf2+ {[%emt 0:00:00]} 46. Kc4 {[%emt 0:00:00]} Kd6 {[%emt 0:00:00]} 47. a5 {[%emt 0:00:00]} Kc7 {[%emt 0:00:00]} 48. Kd5 {[%emt 0:00:00]} Kb7 {[%emt 0:00:00]} 49. Ke5 {[%emt 0:00:00]} f4 {[%emt 0:00:00]} 50. exf4 {[%emt 0:00:00]} Nd3+ {[%emt 0:00:00]} 51. Ke4 {[%emt 0:03:55]} Nxb4 {[%emt 0:00:00]} 52. fxg5 {[%emt 0:00:04]} Nc6 {[%emt 0:00:00]} 53. d5 {[%emt 0:04:04]} Nxa5 {[%emt 0:00:00]} 54. Ke5 {[%emt 0:00:04]} Nc4+ {[%emt 0:00:00]} 55. Kf6 {[%emt 0:00:06]} Nd6 {[%emt 0:00:00]} 56. Ke7 {[%emt 0:00:04]} Ne4 {[%emt 0:00:00]} 57. d6 {[%emt 0:00:14]} Nxg5 {[%emt 0:00:00]} 58. d7 {[%emt 0:01:38]} Ne6 {[%emt 0:00:00]} 59. Nf4 {[%emt 0:00:05]} Nd4 {[%emt 0:00:00]} 60. Ke8 {[%emt 0:00:05]} Nc6 {[%emt 0:00:00]} 61. Nd5 {[%emt 0:00:06]} f5 {[%emt 0:00:00]} 62. Ne7 {[%emt 0:00:36]} 1-0